[Event "Chigorin Memorial Open"]
[Site "St Petersburg RUS"]
[Date "2011.10.16"]
[Round "3.1"]
[White "Zvjaginsev, Vadim"]
[Black "Onischuk, Vladimir"]
[Result "1/2-1/2"]
[WhiteTitle "GM"]
[BlackTitle "IM"]
[WhiteElo "2666"]
[BlackElo "2483"]
[WhiteFideId "4113403"]
[BlackFideId "14114038"]
[EventDate "2011.10.14"]

1. e4 d6 2. d4 Nf6 3. Nc3 g6 4. Nf3 Bg7 5. Be2 O-O 6. O-O c6 7. Bf4 Qc7 8. e5
Nh5 9. Bg5 dxe5 10. dxe5 Bg4 11. Re1 h6 12. Bd2 Rd8 13. Qc1 Nd7 14. h3 Bxf3 15.
Bxf3 Nxe5 16. Bxh5 gxh5 17. Bxh6 Ng6 18. Bxg7 Kxg7 19. Qg5 h4 20. Re4 Rh8 21.
Rae1 Rae8 22. f4 Qb6+ 23. Kh1 Qxb2 24. f5 Qxc3 25. fxg6 Qf6 26. Qxf6+ Kxf6 27.
gxf7 Kxf7 28. Rf1+ Kg6 29. Rg4+ Kh5 30. Rf5+ Kh6 31. Ra5 a6 32. Rxh4+ Kg6 33.
Rb4 Rb8 34. Re4 Kf6 35. Rae5 Rhe8 36. g4 Rbd8 37. Rf5+ Kg7 38. Rg5+ Kf6 39. Rf5+
Kg7 40. Kg2 Rd5 41. Rf2 Ra5 42. c3 Rc5 43. Rf3 e5 44. Kg3 Ra5 45. Rd3 Re7 46. a4
b5 47. axb5 cxb5 48. g5 Ra4 49. Rxa4 bxa4 50. Rd5 Kg6 51. h4 Kf5 52. Rd1 e4 53.
Kf2 1/2-1/2

[Event "Chigorin Memorial Open"]
[Site "St Petersburg RUS"]
[Date "2011.10.16"]
[Round "3.4"]
[White "Sjugirov, Sanan"]
[Black "Krylov, Mikhail"]
[Result "1/2-1/2"]
[WhiteTitle "GM"]
[BlackTitle "IM"]
[WhiteElo "2627"]
[BlackElo "2471"]
[WhiteFideId "4189302"]
[BlackFideId "4151364"]
[EventDate "2011.10.14"]

1. e4 c5 2. Nf3 d6 3. c3 Nf6 4. Be2 g6 5. O-O Bg7 6. Bb5+ Bd7 7. Bxd7+ Qxd7 8.
Re1 O-O 9. d4 cxd4 10. cxd4 d5 11. e5 Ne8 12. Nc3 Nc7 13. h4 Nc6 14. h5 Qg4 15.
h6 Bh8 16. Be3 f6 17. exf6 Rxf6 18. Ne5 Qxd1 19. Raxd1 Nb4 20. Re2 Re6 21. Bf4
Bxe5 22. Bxe5 Rc8 23. Red2 Ne8 24. f4 Rd8 25. g4 Ra6 26. a3 Nc6 27. f5 gxf5 28.
gxf5 Nxe5 29. dxe5 Rxh6 30. Nxd5 Kf8 31. Nf4 Rxd2 32. Rxd2 Ng7 33. f6 exf6 34.
e6 Ke8 35. Rc2 Rh4 36. Rc8+ Ke7 37. Rc7+ Kd6 38. Rxg7 Rxf4 39. Rxb7 a5 40. Ra7
Kxe6 41. Rxa5 Rc4 42. Rb5 Kd6 43. Kf2 Kc6 44. Rb8 Kc7 45. Rb3 h5 46. Ke2 h4 47.
Kd2 Kd6 48. Rb5 Ke6 49. Rh5 1/2-1/2

[Event "Chigorin Memorial Open"]
[Site "St Petersburg RUS"]
[Date "2011.10.16"]
[Round "3.5"]
[White "Kokarev, Dmitry"]
[Black "Mozharov, Mikhail"]
[Result "1/2-1/2"]
[WhiteTitle "GM"]
[BlackTitle "IM"]
[WhiteElo "2619"]
[BlackElo "2459"]
[WhiteFideId "4132181"]
[BlackFideId "4189825"]
[EventDate "2011.10.14"]

1. e4 e6 2. d4 d5 3. Nc3 Nf6 4. e5 Nfd7 5. f4 c5 6. Nf3 Nc6 7. Be3 a6 8. Qd2 b5
9. a3 Qa5 10. dxc5 Bxc5 11. Bxc5 Nxc5 12. Nd4 Nxd4 13. Qxd4 Ne4 14. b4 Qc7 15.
Nxe4 dxe4 16. c4 bxc4 17. Rc1 O-O 18. Rxc4 Qe7 19. Be2 a5 20. b5 Qxa3 21. Rc7
Rb8 22. O-O Bb7 23. Ra1 Qb3 24. Rxa5 Bd5 25. Kf2 h6 26. Raa7 Ra8 27. Rxa8 Rxa8
28. Qc3 Qb1 29. Rc8+ Rxc8 30. Qxc8+ Kh7 31. Qc3 Qh1 32. h3 e3+ 33. Qxe3 Qxg2+
34. Ke1 g6 35. b6 Qh1+ 36. Kd2 Qa1 37. Bd3 Qa5+ 38. Ke2 Qb4 39. Kf2 Qb2+ 40. Ke1
Qb4+ 41. Kf1 Kg7 42. Be2 1/2-1/2

[Event "Chigorin Memorial Open"]
[Site "St Petersburg RUS"]
[Date "2011.10.16"]
[Round "3.6"]
[White "Rasulov, Vugar"]
[Black "Sakaev, Konstantin"]
[Result "1-0"]
[WhiteTitle "GM"]
[BlackTitle "GM"]
[WhiteElo "2523"]
[BlackElo "2609"]
[WhiteFideId "13402390"]
[BlackFideId "4104226"]
[EventDate "2011.10.14"]

1. e4 e5 2. Nf3 Nf6 3. Nxe5 d6 4. Nf3 Nxe4 5. d4 d5 6. Bd3 Nc6 7. O-O Be7 8. Re1
Bg4 9. c3 f5 10. Qb3 O-O 11. Nbd2 Na5 12. Qc2 Nc6 13. Qb3 Na5 14. Qc2 Nc6 15. b4
a6 16. a4 Bd6 17. Rb1 Kh8 18. b5 axb5 19. axb5 Na5 20. Ne5 Qh4 21. Nf1 Bxe5 22.
dxe5 Nc4 23. Bxc4 dxc4 24. Rb4 Rad8 25. Rxc4 Rd2 26. Qxd2 Nxd2 27. Bxd2 f4 28.
e6 g5 29. Rxc7 Re8 30. Rxb7 Bh3 31. gxh3 Qxh3 32. c4 h5 33. Ng3 Kg8 34. Bc3 Rxe6
35. Ra1 Re8 36. Raa7 1-0

[Event "Chigorin Memorial Open"]
[Site "St Petersburg RUS"]
[Date "2011.10.16"]
[Round "3.7"]
[White "Gavrilov, Alexei1"]
[Black "Dvoirys, Semen I."]
[Result "1/2-1/2"]
[WhiteTitle "GM"]
[BlackTitle "GM"]
[WhiteElo "2509"]
[BlackElo "2598"]
[WhiteFideId "4104358"]
[BlackFideId "4100379"]
[EventDate "2011.10.14"]

1. d4 Nf6 2. c4 e6 3. Nf3 b6 4. g3 Ba6 5. Qa4 Bb7 6. Bg2 Be7 7. Nc3 Ne4 8. Nxe4
Bxe4 9. O-O O-O 10. Rd1 Qc8 11. Ne1 Bxg2 12. Nxg2 d6 13. Be3 c5 14. Rac1 Nd7 15.
Qc2 Nf6 16. Bg5 cxd4 17. Rxd4 Qc5 18. Be3 Qa5 19. Qb3 Rac8 20. Bd2 Qc5 21. Be3
Rc7 22. Rd3 Qa5 23. Bd2 Qa6 24. Bg5 Rc6 25. Qa3 Qb7 26. b3 d5 27. Qb2 Rfc8 28.
cxd5 Nxd5 29. Rxc6 Qxc6 30. Bd2 Qc2 31. Qxc2 Rxc2 32. a4 Kf8 33. Ne3 Nxe3 34.
Bxe3 Ke8 35. Kf1 Bb4 36. f3 Ke7 37. g4 Rb2 38. Bd4 Rb1+ 39. Kg2 f6 40. f4 Bd6
41. Be3 f5 42. h3 g6 43. Kf3 Bb4 44. Bf2 Bd6 45. e4 fxe4+ 46. Kxe4 Rf1 47. Rf3
Kd7 48. f5 exf5+ 49. gxf5 gxf5+ 50. Rxf5 Ke6 51. Rf3 Bb4 52. Rf4 Bd6 53. Rf3 Bb4 1/2-1/2

[Event "Chigorin Memorial Open"]
[Site "St Petersburg RUS"]
[Date "2011.10.16"]
[Round "3.8"]
[White "Rakhmanov, Aleksandr"]
[Black "Smirnov, Artem"]
[Result "0-1"]
[WhiteTitle "GM"]
[BlackTitle "IM"]
[WhiteElo "2592"]
[BlackElo "2444"]
[WhiteFideId "4173708"]
[BlackFideId "4143256"]
[EventDate "2011.10.14"]

1. d4 Nf6 2. c4 e6 3. Nc3 Bb4 4. e3 O-O 5. Bd3 d5 6. Ne2 c5 7. cxd5 cxd4 8. exd4
Nxd5 9. a3 Bd6 10. Be4 Nc6 11. Qd3 h6 12. O-O Nf6 13. Bf3 e5 14. d5 e4 15. Bxe4
Ne5 16. Qd4 Bg4 17. Ng3 Rc8 18. Bf4 Re8 19. Rfe1 Bc5 20. Qd2 Nc4 21. Qc2 Bd4 22.
Bf5 Rxe1+ 23. Rxe1 Bxc3 24. Qxc3 Nxd5 25. Qd4 Nf6 26. Qxa7 Bxf5 27. Nxf5 Kh7 28.
Qxb7 Qa5 29. Re7 Qxf5 30. g3 Na5 31. Qa6 Rc6 32. Qf1 Nc4 33. Rxf7 Nxb2 34. Rb7
Nd3 35. Be3 Qe4 36. Qh3 h5 37. Qf1 Ne5 38. Rb4 Rc4 39. Qb1 Rxb4 40. Qxb4 Nf3+
41. Kg2 Nh4+ 42. Kh3 Qf5+ 43. Kxh4 Ne4 0-1

[Event "Chigorin Memorial Open"]
[Site "St Petersburg RUS"]
[Date "2011.10.16"]
[Round "3.9"]
[White "Levin, Evgeny A."]
[Black "Jumabayev, Rinat"]
[Result "1/2-1/2"]
[WhiteTitle "GM"]
[BlackTitle "GM"]
[WhiteElo "2481"]
[BlackElo "2589"]
[WhiteFideId "4182596"]
[BlackFideId "13702661"]
[EventDate "2011.10.14"]

1. d4 d5 2. c4 c6 3. Nf3 Nf6 4. e3 Bf5 5. Nc3 e6 6. Nh4 Bg6 7. Be2 Nbd7 8. O-O
Bd6 9. g3 O-O 10. Nxg6 hxg6 11. Qc2 Rc8 12. Rd1 Qe7 13. Bd2 dxc4 14. Bxc4 c5 15.
dxc5 Nxc5 16. Be1 Be5 17. Rac1 g5 18. Be2 Nce4 19. Qb3 Bxc3 20. Bxc3 Nxc3 21.
Rxc3 g6 22. h3 Kg7 23. Kg2 e5 24. Bf3 b6 25. Rdc1 Rxc3 26. Qxc3 Rh8 27. Qc4 Qd7
28. Bg4 Nxg4 29. hxg4 Rd8 30. Qe4 Qb5 31. Rc2 Rd1 32. Qc4 Qd7 33. Qe2 Ra1 34. a3
Qd5+ 35. e4 Qa8 36. Rd2 Qc6 37. Rc2 Qa8 38. Rd2 Rc1 39. Rc2 Rb1 40. Rd2 Qc6 41.
Rc2 Re1 42. Qxe1 Qxc2 43. b4 Qd3 44. Qe3 Qxe3 45. fxe3 Kf6 46. Kf2 Ke7 47. Ke1
Kd7 48. Kd2 Kd6 49. Kd3 Ke6 50. Ke2 f6 51. Kf3 Kd6 52. Ke2 Kc6 53. Kd3 Kb5 54.
Kc3 Ka4 55. Kb2 a5 56. bxa5 Kxa5 57. Kb3 b5 58. Kb2 Ka4 59. Ka2 b4 60. axb4 Kxb4
61. Kb2 Kb5 62. Kb3 Kc6 63. Kc4 Kd7 64. Kd3 Kd6 65. Kd2 Ke7 66. Ke1 Kf7 67. Kf2
Kf8 68. Kf1 Ke7 69. Ke1 Kd7 70. Kd2 Kd6 71. Kd3 Ke7 72. Kd2 Ke6 73. Ke2 f5 74.
Kf3 fxe4+ 75. Kxe4 Kd6 76. Kd3 Kc5 77. Ke4 Kd6 78. Kd3 Kd5 79. e4+ Kc5 80. Kc3
Kb5 81. Kb3 Kc5 82. Kc3 1/2-1/2

[Event "Chigorin Memorial Open"]
[Site "St Petersburg RUS"]
[Date "2011.10.16"]
[Round "3.10"]
[White "Bocharov, Dmitry"]
[Black "Hamitevici, Vladimir"]
[Result "1-0"]
[WhiteTitle "GM"]
[BlackTitle "IM"]
[WhiteElo "2582"]
[BlackElo "2438"]
[WhiteFideId "4138716"]
[BlackFideId "13902393"]
[EventDate "2011.10.14"]

1. d4 Nf6 2. Nf3 e6 3. c4 Bb4+ 4. Nbd2 d5 5. Qa4+ Nc6 6. a3 Be7 7. e3 O-O 8. Be2
Ne4 9. Qc2 f5 10. b4 Bf6 11. Bb2 Ne7 12. Rc1 c6 13. O-O b6 14. Ne5 Nxd2 15. Qxd2
Bxe5 16. dxe5 dxc4 17. Qxd8 Rxd8 18. Bxc4 Kf7 19. f3 Bb7 20. Rf2 Nd5 21. Bd4 f4
22. exf4 Nxf4 23. Rd2 Rd7 24. Be3 Nd5 25. Rcd1 Ke8 26. Bf2 Rad8 27. Kf1 h6 28.
Ke1 Ke7 29. Rd4 Nc7 30. Rxd7+ Rxd7 31. Rxd7+ Kxd7 32. h4 Ba6 33. Bb3 Bd3 34. h5
Nd5 35. Kd2 Bh7 36. Bc4 Bb1 37. g3 Bh7 38. Bd4 Bb1 39. g4 Bh7 40. Bd3 Bxd3 41.
Kxd3 Ke7 42. Ke4 Kf7 43. f4 Ne7 44. Bf2 Nd5 45. Be1 Ke8 46. Bd2 Kf7 47. f5 Nc7
48. f6 Nd5 49. fxg7 Kxg7 50. Kd4 Nc7 51. Kc4 Nb5 52. a4 Nc7 53. Be3 Nd5 54. Bd4
Kf7 55. b5 c5 56. Bxc5 bxc5 57. Kxc5 Ke7 58. Kc6 Ne3 59. a5 Nxg4 60. b6 a6 61.
Kb7 Nxe5 62. Kxa6 Nc6 63. Kb5 Kd6 64. a6 Nd4+ 65. Kc4 1-0

[Event "Chigorin Memorial Open"]
[Site "St Petersburg RUS"]
[Date "2011.10.16"]
[Round "3.11"]
[White "Shinkevich, Vitaly"]
[Black "Vorobiov, Evgeny E."]
[Result "1/2-1/2"]
[WhiteTitle "IM"]
[BlackTitle "GM"]
[WhiteElo "2480"]
[BlackElo "2581"]
[WhiteFideId "4122690"]
[BlackFideId "4121341"]
[EventDate "2011.10.14"]

1. d4 Nf6 2. c4 e6 3. Nf3 d5 4. Nc3 dxc4 5. e3 a6 6. a4 c5 7. Bxc4 Nc6 8. O-O
Be7 9. dxc5 Qxd1 10. Rxd1 Bxc5 11. Ng5 Ke7 12. Nce4 Nxe4 13. Nxe4 Bb4 14. Bd2
Bd7 15. Bxb4+ Nxb4 16. Nd6 Bc6 17. e4 f6 18. f4 Rad8 19. e5 g5 20. Rd2 gxf4 21.
exf6+ Kxf6 22. Re1 e5 23. g4 Bd5 24. g5+ Ke6 25. Nxb7 Rc8 26. Bf1 e4 27. Rd4
Bxb7 28. Rxb4 Rb8 29. Bg2 Bd5 30. Rd4 Ke5 31. Rxd5+ Kxd5 32. Rxe4 Kc5 33. Rxf4
Rxb2 34. Bf1 Rb6 35. Kf2 h6 36. h4 hxg5 37. hxg5 Rg8 38. a5 Rb2+ 39. Kf3 Rxg5
40. Bxa6 Ra2 41. Bd3 Ra3 42. Ke2 Rg2+ 43. Kf1 Rb2 44. Be2 Kd5 45. Rf8 Ra1+ 46.
Kf2 Raa2 47. Re8 Rxa5 48. Rd8+ Ke6 49. Re8+ Kd7 50. Re4 Rh5 51. Kg3 Rh6 52. Bf3
Rd2 53. Rh4 Rf6 54. Rf4 Rb6 55. Re4 Rb1 56. Re2 Rd3 57. Kf4 Kd6 58. Re3 Rb4+ 59.
Re4 Rb8 60. Kg3 1/2-1/2

[Event "Chigorin Memorial Open"]
[Site "St Petersburg RUS"]
[Date "2011.10.16"]
[Round "3.13"]
[White "Kovalev, Vladislav"]
[Black "Smirnov, Pavel"]
[Result "0-1"]
[WhiteTitle "FM"]
[BlackTitle "GM"]
[WhiteElo "2452"]
[BlackElo "2580"]
[WhiteFideId "13504398"]
[BlackFideId "4123425"]
[EventDate "2011.10.14"]

1. e4 c5 2. Nf3 e6 3. Nc3 a6 4. d4 cxd4 5. Nxd4 b5 6. Bd3 Bb7 7. O-O Qb6 8. Nf3
Qc7 9. e5 f5 10. exf6 Nxf6 11. Ng5 Bd6 12. Nce4 Bxh2+ 13. Kh1 Be5 14. f4 Bd4 15.
c3 h6 16. Nxf6+ Bxf6 17. Qh5+ Ke7 18. Qf7+ Kd8 19. Ne4 d5 20. Nd6 Bc8 21. Qxc7+
Kxc7 22. Nxc8 Rxc8 23. a4 bxa4 24. Rxa4 a5 25. Be3 Nc6 26. Rfa1 Rcb8 27. R1a2
Rb7 28. Bd2 Rab8 29. c4 Rb3 30. Bg6 Nb4 31. Bxb4 axb4 32. Ra7+ Rb7 33. cxd5 exd5
34. Ra8 Rxb2 35. R2a6 Bd4 36. Re8 Rb6 37. Ra7+ Kd6 38. Bd3 Bf6 39. Bf5 Kc5 40.
Ra5+ Kd4 41. Re1 Rd2 42. Kh2 b3 43. Ra4+ Kc3 44. Rc1+ Rc2 45. Rd1 d4 46. Ra8 Kb4
47. Rda1 d3 48. Rb1 Rc3 49. Ra7 Rb5 50. Bg6 Rb6 51. Bf5 Rd6 52. Rb7+ Kc5 53. Ra1
d2 54. Ra5+ Kd4 55. Bg4 Ke3 56. Bd1 Kf2 57. Ra4 Ke1 0-1

[Event "Chigorin Memorial Open"]
[Site "St Petersburg RUS"]
[Date "2011.10.16"]
[Round "3.15"]
[White "Stukopin, Andrey"]
[Black "Demchenko, Anton"]
[Result "1-0"]
[WhiteTitle "IM"]
[BlackTitle "IM"]
[WhiteElo "2438"]
[BlackElo "2574"]
[WhiteFideId "24107131"]
[BlackFideId "4160258"]
[EventDate "2011.10.14"]

1. e4 e5 2. Bc4 Nf6 3. d3 Bc5 4. Nc3 c6 5. Nf3 d6 6. O-O Bb6 7. d4 Qe7 8. h3
Nbd7 9. Re1 h6 10. b3 Ba5 11. Qd2 b5 12. Bf1 O-O 13. a4 b4 14. Nd1 c5 15. Ne3
cxd4 16. Nf5 Qe6 17. Nxg7 Kxg7 18. Qxh6+ Kg8 19. Ng5 Bb7 20. Nxe6 fxe6 21. Qg6+
Kh8 22. Bh6 Rg8 23. Qf7 Rae8 24. Bb5 Bc8 25. Bxd7 Nxd7 26. Bg7+ 1-0

[Event "Chigorin Memorial Open"]
[Site "St Petersburg RUS"]
[Date "2011.10.16"]
[Round "3.16"]
[White "Kovchan, Alexander"]
[Black "Shchukin, Dmitry"]
[Result "1-0"]
[WhiteTitle "GM"]
[BlackTitle "IM"]
[WhiteElo "2569"]
[BlackElo "2344"]
[WhiteFideId "14103052"]
[BlackFideId "4121724"]
[EventDate "2011.10.14"]

1. e4 c5 2. Nf3 d6 3. d4 cxd4 4. Nxd4 Nf6 5. Nc3 a6 6. Be2 g6 7. O-O Bg7 8. Be3
O-O 9. Qd2 Nc6 10. f3 Bd7 11. a4 Rc8 12. Nxc6 Bxc6 13. a5 d5 14. e5 Nd7 15. f4
e6 16. Bd4 f6 17. exf6 Nxf6 18. Qe3 Ne4 19. Bxg7 Kxg7 20. Nxe4 dxe4 21. c4 Qf6
22. b4 e5 23. fxe5 Qxe5 24. Rab1 Rxf1+ 25. Bxf1 Rd8 26. b5 Be8 27. Qb6 Qd4+ 28.
Qxd4+ Rxd4 29. Kf2 Rd2+ 30. Ke3 Ra2 31. Kxe4 Rxa5 32. Kd5 axb5 33. cxb5 b6 34.
Kd6 Ra7 35. Rc1 Rd7+ 36. Ke6 Rd2 37. Rc7+ Kh6 38. Ke7 Bxb5 39. Bxb5 Rxg2 40. h3
Rg3 41. Bd7 Kg5 42. Rc4 Rf3 43. Rg4+ Kh6 44. Rb4 Kg5 45. Rxb6 Rf4 46. Kd6 Rd4+
47. Ke7 Rf4 48. Ra6 Kh4 49. Rf6 Rxf6 50. Kxf6 g5 51. Bg4 h5 52. Kf5 1-0

[Event "Chigorin Memorial Open"]
[Site "St Petersburg RUS"]
[Date "2011.10.16"]
[Round "3.17"]
[White "Antipov, Mikhail Al."]
[Black "Zontakh, Andrey"]
[Result "0-1"]
[WhiteTitle "IM"]
[BlackTitle "GM"]
[WhiteElo "2412"]
[BlackElo "2569"]
[WhiteFideId "4107012"]
[BlackFideId "14101130"]
[EventDate "2011.10.14"]

1. e4 c5 2. Nf3 e6 3. b3 d6 4. Bb2 Nf6 5. e5 dxe5 6. Nxe5 Bd6 7. Na3 Bxe5 8.
Bxe5 Nc6 9. Bb2 O-O 10. Nc4 e5 11. Be2 Re8 12. O-O Nd4 13. Re1 Bf5 14. d3 Qc7
15. c3 Nc6 16. Ne3 Bg6 17. Qc2 Rad8 18. Rad1 Nd5 19. Nxd5 Rxd5 20. Bf3 Rd6 21.
Be4 Qd7 22. Bxg6 hxg6 23. Re3 Rd8 24. h3 f6 25. Ba3 b6 26. b4 cxb4 27. Bxb4 Nxb4
28. cxb4 Rd4 29. Qb3+ Qf7 30. Qa3 Qe7 31. Qb3+ Kh7 32. a3 Qd7 33. Rc1 Rxd3 34.
Rxd3 Qxd3 35. Qf7 Rd7 36. Qf8 Qf5 37. Qa8 Rd2 38. Rf1 Qd7 39. Kh2 Qd3 40. Rc1
Qd4 41. Qxa7 Rxf2 42. Rg1 e4 43. Qc7 e3 44. Qg3 e2 0-1

[Event "Chigorin Memorial Open"]
[Site "St Petersburg RUS"]
[Date "2011.10.16"]
[Round "3.19"]
[White "Duzhakov, Ilya"]
[Black "Lintchevski, Daniil"]
[Result "0-1"]
[WhiteTitle "FM"]
[BlackTitle "GM"]
[WhiteElo "2325"]
[BlackElo "2558"]
[WhiteFideId "4192516"]
[BlackFideId "4171055"]
[EventDate "2011.10.14"]

1. d4 d5 2. c4 dxc4 3. Nf3 Nf6 4. e3 e6 5. Bxc4 c5 6. O-O a6 7. Bb3 Be7 8. Nc3
O-O 9. Qe2 cxd4 10. Rd1 Nc6 11. exd4 Na5 12. Bc2 b5 13. Bg5 Bb7 14. d5 exd5 15.
Nd4 g6 16. Qf3 Ne4 17. Bh6 Nxc3 18. Qxc3 b4 19. Qf3 Qb6 20. Bxf8 Rxf8 21. Rac1
Bg5 22. Rb1 Nc4 23. Bb3 Re8 24. Qg4 Bf6 25. Nc2 Nxb2 26. Rxb2 Bxb2 27. Qxb4 Qxb4
28. Nxb4 d4 29. f3 Kg7 30. Nc2 Rd8 31. Rb1 Bc3 32. Bc4 Bc6 33. Kf1 d3 34. Na3 d2
35. Bb3 Bb4 36. Nc4 Bb5 37. Ke2 Rd4 38. a4 Bxc4+ 0-1

[Event "Chigorin Memorial Open"]
[Site "St Petersburg RUS"]
[Date "2011.10.16"]
[Round "3.20"]
[White "Pavlov, Aleksandr"]
[Black "Vysochin, Spartak"]
[Result "1/2-1/2"]
[BlackTitle "GM"]
[WhiteElo "2303"]
[BlackElo "2558"]
[WhiteFideId "4119924"]
[BlackFideId "14103516"]
[EventDate "2011.10.14"]

1. d4 d5 2. Nf3 Nf6 3. c4 c6 4. Nc3 a6 5. e3 e6 6. Be2 dxc4 7. Bxc4 b5 8. Bd3 c5
9. a4 b4 10. Ne4 Nbd7 11. O-O Bb7 12. Nxf6+ Nxf6 13. dxc5 Bxc5 14. Qe2 O-O 15.
Rd1 Qe7 16. e4 Ng4 17. Rf1 Rfd8 18. Bg5 f6 19. Bh4 e5 20. Rac1 Nh6 21. Kh1 Nf7
22. Bc4 Bb6 23. Bg3 Kh8 24. Rfd1 a5 25. Nd2 Nd6 26. Bd3 Rac8 27. f3 Rxc1 28.
Rxc1 Qd7 29. Bc2 Rc8 30. Qd3 Qc6 31. Nb3 Rd8 32. Qe2 Qxa4 33. Ra1 Qc6 34. Nxa5
Bxa5 35. Rxa5 Rc8 36. Bd3 Qc1+ 37. Be1 Rd8 38. Kg1 Ne8 39. Kf2 Nc7 40. Bc4 Bc8
41. Bxb4 Ne6 42. Bxe6 Bxe6 43. Rc5 Qh1 44. Rc6 Bb3 45. Qe3 Bg8 46. Kg3 Qd1 47.
Qb6 h5 48. Rd6 Rxd6 49. Qxd6 Qc2 50. Qd2 Qc4 51. Be7 Kh7 52. Bf8 Be6 1/2-1/2

[Event "Chigorin Memorial Open"]
[Site "St Petersburg RUS"]
[Date "2011.10.16"]
[Round "3.21"]
[White "Korobov, Anton"]
[Black "Prikhodko, Anton"]
[Result "1-0"]
[WhiteTitle "GM"]
[WhiteElo "2671"]
[BlackElo "2214"]
[WhiteFideId "14105730"]
[BlackFideId "24115150"]
[EventDate "2011.10.14"]

1. d4 d5 2. c4 e6 3. Nc3 c5 4. cxd5 cxd4 5. Qxd4 Nc6 6. Qd1 exd5 7. Qxd5 Bd7 8.
e3 Nf6 9. Qd1 Bc5 10. Nf3 Qe7 11. Be2 O-O-O 12. O-O g5 13. b4 Bxb4 14. Bb2 g4
15. Nd4 Bxc3 16. Bxc3 Ne4 17. Rc1 Kb8 18. Bxg4 f5 19. Bxf5 Nxc3 20. Rxc3 Bxf5
21. Rxc6 Rhg8 22. g3 Bh3 23. Rc3 Bxf1 24. Qxf1 Rgf8 25. h4 Rf6 26. Qd3 Rdf8 27.
Rc2 Qf7 28. f4 Rg8 29. Kh2 Qg7 30. Rg2 Qd7 31. Qb3 Rfg6 32. h5 R6g7 33. Qe6 Qxe6
34. Nxe6 Re7 35. f5 Rg4 36. Rf2 Re4 37. Ng5 R4e5 38. h6 Re8 39. Kh3 Rf8 40. Kg4
Rf6 41. e4 Rxh6 42. Nf7 Rxe4+ 43. Kf3 Ree6 44. Nxh6 1-0

[Event "Chigorin Memorial Open"]
[Site "St Petersburg RUS"]
[Date "2011.10.16"]
[Round "3.22"]
[White "Obolenskikh, Dmitry"]
[Black "Khairullin, Ildar"]
[Result "1/2-1/2"]
[BlackTitle "GM"]
[WhiteElo "2500"]
[BlackElo "2642"]
[WhiteFideId "4156013"]
[BlackFideId "4151348"]
[EventDate "2011.10.14"]

1. Nf3 d5 2. d4 Nf6 3. c4 e6 4. Nc3 dxc4 5. e3 a6 6. a4 b6 7. Bxc4 Bb7 8. O-O
Bb4 9. Qe2 O-O 10. Rd1 Qe7 11. Na2 Bd6 12. Nc3 Bb4 13. Na2 Bd6 14. Nc3 Bb4 1/2-1/2

[Event "Chigorin Memorial Open"]
[Site "St Petersburg RUS"]
[Date "2011.10.16"]
[Round "3.23"]
[White "Khismatullin, Denis"]
[Black "Nozdrachev, Vladislav"]
[Result "1-0"]
[WhiteTitle "GM"]
[BlackTitle "FM"]
[WhiteElo "2635"]
[BlackElo "2463"]
[WhiteFideId "4142578"]
[BlackFideId "24113441"]
[EventDate "2011.10.14"]

1. d4 Nf6 2. c4 e6 3. Nf3 b6 4. Nc3 Bb4 5. Qc2 Bb7 6. a3 Bxc3+ 7. Qxc3 Ne4 8.
Qc2 a5 9. b3 O-O 10. g3 f5 11. Bg2 Nf6 12. O-O Be4 13. Qc3 Nc6 14. Bb2 Ne7 15.
Rad1 Qe8 16. Ne1 Bxg2 17. Nxg2 d6 18. f3 a4 19. b4 b5 20. cxb5 Qxb5 21. Qxc7
Qxe2 22. Bc1 Nfd5 23. Qxd6 Rfd8 24. Qe5 Qxe5 25. dxe5 Nc3 26. Rd6 Kf7 27. Nf4
Rxd6 28. exd6 Ned5 29. Nd3 Rd8 30. d7 Nf6 31. Bb2 Ncd5 32. Bxf6 gxf6 33. Nc5 Nb6
34. Kf2 Ke7 35. Rd1 e5 36. Rd3 h5 37. Ke2 Nc4 38. Nxa4 Rxd7 39. Rxd7+ Kxd7 40.
Nc5+ Kc6 41. a4 Nb6 42. a5 Nd5 43. a6 Kb6 44. Kf2 f4 45. g4 h4 46. Kg2 1-0

[Event "Chigorin Memorial Open"]
[Site "St Petersburg RUS"]
[Date "2011.10.16"]
[Round "3.24"]
[White "Savchenko, Boris"]
[Black "Bodnaruk, Anastasia"]
[Result "0-1"]
[WhiteTitle "GM"]
[BlackTitle "IM"]
[WhiteElo "2630"]
[BlackElo "2417"]
[WhiteFideId "4147332"]
[BlackFideId "4181751"]
[EventDate "2011.10.14"]

1. e4 c5 2. Nf3 d6 3. d4 cxd4 4. Nxd4 Nf6 5. Nc3 a6 6. Be2 e5 7. Nb3 Be7 8. O-O
O-O 9. a4 Be6 10. Bf3 Nbd7 11. Re1 Rc8 12. a5 h6 13. Nd2 Rc5 14. Na4 Rc8 15. Nc3
Rc5 16. Rb1 Rc8 17. Nf1 Qxa5 18. Ne3 Rfe8 19. Nf5 Bxf5 20. exf5 Qc7 21. h4 b5
22. Ra1 b4 23. Nd5 Nxd5 24. Bxd5 Nf6 25. Bb3 d5 26. Rxa6 e4 27. g4 h5 28. Rxf6
gxf6 29. Kh1 Bc5 30. Qxd5 Rcd8 31. Qc4 e3 32. fxe3 Qb7+ 33. Kh2 Bd6+ 34. Kg1 Re4
35. Qd5 Bh2+ 0-1

[Event "Chigorin Memorial Open"]
[Site "St Petersburg RUS"]
[Date "2011.10.16"]
[Round "3.25"]
[White "Kopylov, Alexander A."]
[Black "Kuzubov, Yuriy"]
[Result "0-1"]
[WhiteTitle "IM"]
[BlackTitle "GM"]
[WhiteElo "2444"]
[BlackElo "2623"]
[WhiteFideId "4164857"]
[BlackFideId "14112906"]
[EventDate "2011.10.14"]

1. d4 f5 2. c4 Nf6 3. Nc3 e6 4. a3 Be7 5. e3 O-O 6. Bd3 b6 7. Nge2 Bb7 8. O-O c5
9. d5 Bd6 10. h3 Qe7 11. Qc2 Kh8 12. dxe6 dxe6 13. e4 e5 14. f4 Nbd7 15. fxe5
Nxe5 16. exf5 Nxd3 17. Qxd3 Rad8 18. Qc2 Ne4 19. Nd5 Bxd5 20. cxd5 Rde8 21. a4
c4 22. Qxc4 Bc5+ 23. Kh2 Nd6 24. Qf4 Rxf5 0-1

[Event "Chigorin Memorial Open"]
[Site "St Petersburg RUS"]
[Date "2011.10.16"]
[Round "3.26"]
[White "Andriasian, Zaven"]
[Black "Arslanov, Shamil"]
[Result "1-0"]
[WhiteTitle "GM"]
[BlackTitle "IM"]
[WhiteElo "2615"]
[BlackElo "2413"]
[WhiteFideId "13302000"]
[BlackFideId "4192826"]
[EventDate "2011.10.14"]

1. e4 c5 2. Nf3 d6 3. d4 cxd4 4. Nxd4 Nf6 5. Nc3 a6 6. Be3 e5 7. Nf3 Be7 8. Bc4
O-O 9. O-O Be6 10. Qe2 b5 11. Bb3 h6 12. Nh4 Nc6 13. Rad1 Qc7 14. Nf5 Bxf5 15.
exf5 Rac8 16. Nd5 Nxd5 17. Rxd5 Na5 18. c3 Nc4 19. Bc1 Rfd8 20. Qg4 Kf8 21. Rfd1
Qc6 22. Qe2 Bf6 23. Be3 Be7 24. g3 Bf6 25. h4 Rd7 26. a3 Rdd8 27. Ba2 Nb6 28.
Bxb6 Qxb6 29. Qh5 Rc7 30. g4 1-0